Country & Western Songs: 1950's - 1980's - Statistics

General Stats
  • This quiz has been taken 166 times
  • The average score is 9 of 20
Answer Stats
Song Title/Year Answer % Correct
'I Walk The Line' (1956) Johnny Cash
99%
'Rocky Mountain High' (1972) John Denver
94%
'Jolene' (1973) Dolly Parton
92%
'The Gambler' (1978) Kenny Rogers
84%
'Your Cheatin' Heart' (1952) Hank Williams
76%
'The Devil Went Down to Georgia' (1979) Charlie Daniels Band
73%
'Always On My Mind' (1982 USA/UK hit cover version) Willie Nelson
66%
'El Paso' (1959) Marty Robbins
64%
'King of the Road' (1965) Roger Miller
52%
'Big Bad John' (1961) Jimmy Dean
44%
'Rose Garden' (1970) Lynn Anderson
38%
'Ode to Billie Joe' (1967) Bobbie Gentry
30%
'A Good Year For The Roses' (1970 original version) George Jones
29%
'If I Said You Had a Beautiful Body Would You Hold It Against Me' (1979) Bellamy Brothers
27%
'It's Hard to Be Humble' (1980) Mac Davis
18%
'A Good Year For The Roses' (1981 UK hit cover version) Elvis Costello
14%
'Sea of Heartbreak' (1961) Don Gibson
12%
'Take Me Home Country Roads' (1973 UK hit - cover version) Olivia Newton-John
12%
'Della and the Dealer' (1979) Hoyt Axton
9%
'Psycho' (1968) Eddie Noack
6%
No matching quizzes found
Score Distribution
Percent of People with Each Score
Percentile by Number Answered
Your Score History
You have not taken this quiz